Statistics for Top 200 Baby Boy Names in the UK for 1900

Click here to take the quiz!

General Stats

  • This quiz has been taken 9,921 times
  • The average score is 116 of 201

Answer Stats

Answer % Correct
1WWilliam
99%
58WWillie
99%
2JJohn
99%
122JJonathan
99%
147JJim
97%
113BBert
97%
41TTom
97%
46BBertie
97%
3GGeorge
97%
4TThomas
97%
5JJames
97%
176HHarris
96%
15HHarry
96%
16HHarold
96%
177CCharley
94%
8CCharles
94%
98CCharlie
94%
26DDavid
93%
10RRobert
93%
110RRoberts
93%
13HHenry
93%
59PPeter
92%
168PPaul
92%
28FFrancis
91%
30FFred
91%
173DDick
91%
7FFrederick
91%
17EEdward
91%
19FFrank
91%
116FFrederic
91%
21RRichard
91%
189DDan
89%
75AAndrew
89%
53DDaniel
89%
107JJoe
87%
71MMichael
87%
11JJoseph
87%
76MMatthew
86%
57SStephen
86%
90OOliver
85%
101SSam
85%
25SSamuel
85%
9AAlbert
85%
6AArthur
84%
60CChristopher
83%
93MMark
83%
43JJack
83%
44AAlexander
82%
40BBenjamin
81%
48PPhilip
81%
133BBen
81%
54DDonald
79%
39VVictor
79%
12AAlfred
79%
65RRonald
78%
156AAdam
78%
18WWalter
77%
124LLeo
77%
180LLuke
77%
114AAnthony
76%
108AAllan
75%
109JJacob
75%
92AAlan
75%
180IIan
75%
130AAllen
75%
152TTimothy
74%
80LLouis
72%
62LLewis
72%
47EEric
71%
72PPatrick
71%
66IIsaac
70%
103VVincent
70%
137NNathan
69%
146SSimon
69%
199OOscar
69%
104LLaurence
69%
70LLawrence
69%
123JJoshua
69%
159NNathaniel
69%
136NNicholas
69%
82KKenneth
66%
129EEli
65%
155EElijah
65%
189EElias
65%
158AAaron
65%
106MMartin
64%
89RRaymond
64%
67HHubert
64%
61HHugh
64%
24LLeonard
63%
120CColin
63%
183JJeremiah
61%
14EErnest
60%
86AAbraham
58%
29SStanley
58%
56AArchibald
57%
87GGeoffrey
57%
117AArchie
57%
20HHerbert
57%
149RRoger
56%
175TTheodore
56%
38EEdwin
56%
128DDenis
56%
104DDennis
56%
37NNorman
55%
22RReginald
55%
88OOwen
54%
23PPercy
53%
74PPercival
53%
77EEvan
53%
152WWinston
53%
45EEdgar
52%
52BBernard
52%
186CCarl
52%
72EEdmund
51%
85GGerald
51%
34WWilfred
50%
83GGordon
50%
78WWilfrid
50%
118RRoy
49%
36LLeslie
48%
102MMorris
47%
68MMaurice
47%
55RRalph
47%
32HHorace
47%
63DDouglas
46%
81AArnold
45%
165SStuart
45%
147RRupert
45%
31CCecil
43%
98HHoward
42%
27SSidney
42%
35SSydney
42%
69CClarence
42%
140VVernon
41%
195MMalcolm
40%
42HHector
39%
118TTrevor
39%
33CCyril
38%
200WWilson
37%
97LLionel
37%
84IIvor
37%
162MMoses
37%
130SSolomon
37%
95RReuben
36%
96RRoland
36%
111RRowland
36%
112WWallace
36%
94JJesse
36%
144NNoel
36%
49CClifford
36%
159LLancelot
35%
200DDuncan
34%
64GGilbert
34%
154AAmos
34%
195HHarvey
34%
159MMorgan
33%
115OOswald
33%
98AAlec
33%
193FFelix
32%
177RRussell
31%
127EEllis
31%
163CClaud
31%
165LLevi
31%
91CClaude
31%
79BBertram
29%
50RRedvers
28%
143JJosiah
28%
145AAustin
28%
167CCuthbert
28%
139AAugustus
27%
171NNelson
27%
134IIsrael
27%
121CClement
27%
126BBasil
27%
193RRees
27%
188VVivian
26%
170GGuy
26%
179JJob
26%
150GGodfrey
26%
185HHerman
25%
191VValentine
25%
51BBaden
25%
156IIdris
24%
130AAubrey
23%
174MMontague
23%
184AAmbrose
22%
182EEmmanuel
22%
163DDudley
21%
135CCornelius
21%
124EEnoch
21%
141GGriffith
20%
198EEphraim
20%
151LLlewellyn
20%
195GGranville
19%
171EEmlyn
18%
141GGwilym
18%
187EEmrys
16%
138HHyman
16%
168BBrinley
15%
191MMyer
12%

Score Distribution

Percentile by Number Answered

Percent of People with Each Score

Your Score History

You have not taken this quiz